00311pab a2200121 454500008004000000100001200040245003900052260000900091300001500100362000800115650001800123773004800141180718b2013 xxu||||| |||| 00| 0 eng d aMa, Jun aHidden fiscal risks in local China c2013 ap.278-292. aSep aFiscal policy aAustralian Journal of Public Administration